000 00595nam a2200205Ia 4500
003 IN-BaIIA
008 211028s9999 xx 000 0 eng d
020 _a0-521-46836-1
040 _cIIA Library
080 _a535.6
_bLYN
100 _aLynch, D. K
_920583
245 0 _aColor and light in nature
_cD. K Lynch and W. Livingston
260 _aCambridge
_bCambridge University press
_c1995
300 _axiii, 254p.
650 _aAstronomy
_980
650 _aLight
_92428
650 _aOptics
700 _aLivingston, W.
_917422
942 _cBK
999 _c11858
_d11858